|
|
|
|
| LEADER |
00000nam0a2200000 4500 |
| 001 |
340419 |
| 005 |
20231102005234.0 |
| 010 |
|
|
|a 9785160103143
|
| 035 |
|
|
|a (RuTPU)RU\TPU\book\367280
|
| 090 |
|
|
|a 340419
|
| 100 |
|
|
|a 20180323d2018 km y0rusy50 ca
|
| 101 |
0 |
|
|a rus
|
| 102 |
|
|
|a RU
|
| 105 |
|
|
|a a z 001zy
|
| 200 |
1 |
|
|a Критерии проверки отклонения распределения от нормального закона
|e руководство по применению
|e монография
|f Б. Ю. Лемешко
|g Новосибирский государственный технический университет (НГТУ)
|
| 210 |
|
|
|a Москва
|c Инфра-М
|d 2018
|
| 215 |
|
|
|a 160 с.
|c ил.
|
| 225 |
1 |
|
|a Научная мысль
|
| 225 |
1 |
|
|a Математическая статистика
|
| 320 |
|
|
|a Библиогр.: с. 138-144
|
| 330 |
|
|
|a Книга рассчитана на специалистов, сталкивающихся в своей деятельности в той или иной степени с вопросами статистического анализа данных, обработкой результатов экспериментов, применением статистических методов для анализа различных аспектов и тенденций окружающей действительности. В руководстве рассматриваются вопросы применения статистических критериев, ориентированных на проверку гипотезы о принадлежности анализируемых данных нормальному закону распределения вероятностей. Рассматриваются и сравниваются специальные критерии, непараметрические критерии согласия и критерии типах X Указываются недостатки и преимущества различных критериев.Приводятся таблицы, содержащие процентные точки и модели распределений статистик, необходимые для корректного применения критериев. Следование рекомендациям обеспечит корректность и повысит обоснованность статистических выводов при анализе данных. Книга будет полезна инженерам, научным сотрудникам, специалистам различного профиля (медикам, биологам, социологам, экономистам и др.), сталкивающимся в своей деятельности с необходимостью статистического анализа результатов экспериментов. Руководство будет полезно преподавателям вузов, аспирантам и студентам.
|
| 606 |
1 |
|
|a Распределения вероятностей
|2 stltpush
|3 (RuTPU)RU\TPU\subj\23843
|9 48359
|
| 610 |
1 |
|
|a руководства
|
| 610 |
1 |
|
|a отклонения
|
| 610 |
1 |
|
|a проверка
|
| 610 |
1 |
|
|a критерии согласия
|
| 610 |
1 |
|
|a непараметрические критерии
|
| 610 |
1 |
|
|a нормальность
|
| 610 |
1 |
|
|a статистические гипотезы
|
| 675 |
|
|
|a 519.213(076.5)
|v 4
|
| 700 |
|
1 |
|a Лемешко
|b Б. Ю.
|g Борис Юрьевич
|
| 712 |
0 |
2 |
|a Новосибирский государственный технический университет (НГТУ)
|c (1992- )
|2 stltpush
|3 (RuTPU)RU\TPU\col\36
|
| 801 |
|
1 |
|a RU
|b 63413507
|c 20180323
|
| 801 |
|
2 |
|a RU
|b 63413507
|c 20180416
|g RCR
|
| 942 |
|
|
|c BK
|